| 000 | 00358nam a2200145Ia 4500 | ||
|---|---|---|---|
| 008 | 260319s9999 xx 000 0 und d | ||
| 020 | _a9.7893550108e+012 | ||
| 082 |
_a621.312 _bMEH/P |
||
| 100 | _aMehta,VK | ||
| 245 | 0 | _aPrinciples of Power System | |
| 250 | _a1st Ed. | ||
| 260 |
_aNew Delhi _bS.Chand Publishing _c2024 |
||
| 300 | _a608p. | ||
| 942 | _cBK | ||
| 999 |
_c51732 _d51732 |
||